000 02664cam a22003378i 4500
008 230409s2023 nyu ob 001 0 eng
020 _a9781003381389
_q(ebook)
020 _a1003381383
020 _a9781000935301
_q(electronic bk. : PDF)
020 _a1000935302
_q(electronic bk. : PDF)
020 _a9781000935325
_q(electronic bk. : EPUB)
020 _a1000935329
_q(electronic bk. : EPUB)
020 _z9781032463711
_q(hardback)
020 _z9781032463735
_q(paperback)
041 _aeng
082 0 0 _a860.9/921282
_223/eng/20230602
100 1 _aGarcía-Bryce, Ariadna,
_d1968-
_eauthor.
_91514456
245 1 0 _aExperiencing time in the early modern Hispanic world :
_bafter apocalypse /
_cAriadna García-Bryce.
260 1 _aNew York, NY :
_bRoutledge,
_c2024.
300 _a1 online resource.
490 0 _aRoutledge studies in Latin American and Iberian literatures
505 0 _aIntroduction : time in early modernity -- Time troubles in Teresa of Ávila's libro de la vida -- Pious subjects for a post-millenarian New Spain -- A new new Jerusalem : Sigüenza y Góngora's Paraíso occidental -- Redeemed temporality : the infinite self in Sor Juana's "Primero sueño".
520 _a"This book considers the new ways time was experienced in the 16th- and 17th-century Hispanic world in the framework of global Catholicism. It underscores the crucial role that the imitation of Christ plays in modeling how representative writers physically and mentally interiorize temporal impermanence as the Messiah's suffering body becomes a paradigmatic as well as malleable marker of the avatars of earthly history. Particular attention is paid to the ways in which authors adapt Christ-centered conceptions of existence to accommodate both a volatile post-eschatological world and the increased dominance of mechanical clock time. As novel means of communing with Christ emerge, so too do new modes of sensing and understanding time, unleashing unprecedented cultural and literary reinvention. This is demonstrated through close analyses of writings by such influential figures as Saint Ignatius of Loyola, Saint Teresa of Ávila, Carlos de Sigüenza y Góngora, and Sor Juana Inés de la Cruz"--
_cProvided by publisher.
650 0 _aSpanish literature
_xCatholic authors
_xHistory and criticism.
_91514457
650 0 _aSpanish literature
_yClassical period, 1500-1700
_xHistory and criticism.
650 0 _aTime in literature.
650 7 _aLITERARY CRITICISM / European / Spanish & Portuguese
_2bisacsh
_91456561
856 4 0 _3Click Here
_uhttps://www.taylorfrancis.com/books/9781003381389
887 _aAkhil Chandra Saren
942 _cEBK
999 _c1606363
_d1606359